Top 100 football clubs in Europe - Statistics

General Stats
  • This quiz has been taken 74 times
    4 since last reset
  • The average score is 47 of 100
Answer Stats
# Country Club % Correct
30 Italy AC Milan
100%
7 England Arsenal
100%
10 Spain Atletico Madrid
100%
1 Germany Bayern Munich
100%
11 Germany Borussia Dortmund
100%
8 Spain FC Barcelona
100%
5 Italy Inter Milan
100%
25 Italy Juventus
100%
6 England Manchester City
100%
21 England Manchester United
100%
3 France Paris Saint-Germain
100%
2 Spain Real Madrid
100%
41 Netherlands AFC Ajax
75%
16 Italy Atalanta
75%
9 Germany Bayer 04 Leverkusen
75%
12 England Chelsea
75%
20 Portugal FC Porto
75%
4 England Liverpool
75%
26 Netherlands PSV Eindhoven
75%
37 Germany RB Leipzig
75%
15 Portugal Sporting CP
75%
34 Italy SSC Napoli
75%
22 Italy ACF Fiorentina
50%
84 Greece AEK Athens
50%
72 Belgium Anderlecht
50%
46 France AS Monaco
50%
13 Italy AS Roma
50%
17 England Aston Villa
50%
63 Spain Athletic Club
50%
35 Netherlands AZ Alkmaar
50%
58 Scotland Celtic
50%
23 Belgium Club Brugge
50%
56 Croatia Dinamo Zagreb
50%
67 Switzerland FC Basel
50%
47 Denmark FC København
50%
82 Romania FCSB
50%
42 Turkey Fenerbahçe
50%
50 Hungary Ferencváros
50%
27 Netherlands Feyenoord
50%
49 Turkey Galatasaray
50%
77 Belgium Genk
50%
68 Poland Legia Warszawa
50%
88 England Leicester City
50%
69 Israel Maccabi Tel-Aviv
50%
73 England Newcastle United
50%
36 Greece Olympiacos
50%
31 France Olympique Lyonnais
50%
48 France Olympique Marseille
50%
76 Greece Panathinaikos
50%
53 Greece PAOK
50%
74 Austria Rapid Wien
50%
57 Austria RB Salzburg
50%
43 Spain Real Sociedad
50%
33 Portugal SC Braga
50%
62 Spain Sevilla FC
50%
14 Portugal SL Benfica
50%
40 Italy SS Lazio
50%
19 England Tottenham Hotspur
50%
80 Germany VfB Stuttgart
50%
51 Czech Republic Viktoria Plzeň
50%
39 Spain Villarreal
50%
100 Cyprus AEK Larnaca
25%
32 Norway Bodø/Glimt
25%
71 Italy Bologna FC
25%
87 England Brighton & Hove Albion
25%
55 Serbia Crvena Zvezda
25%
86 England Crystal Palace
25%
70 Sweden Djurgården
25%
18 Germany Eintracht Frankfurt
25%
45 Ukraine FK Shakhtar Donetsk
25%
93 Poland Jagiellonia Białystok
25%
61 Belgium KAA Gent
25%
99 Austria LASK
25%
81 Poland Lech Poznań
25%
29 France Lille OSC
25%
78 Bulgaria Ludogorets
25%
95 Norway Molde
25%
97 Cyprus Omonoia Nicosia
25%
83 Cyprus Pafos
25%
94 Serbia Partizan
25%
60 Azerbaijan Qarabağ
25%
91 Poland Raków Częstochowa
25%
38 Scotland Rangers FC
25%
92 Spain Rayo Vallecano
25%
24 Spain Real Betis
25%
59 Czech Republic Slavia Praha
25%
65 Slovakia Slovan Bratislava
25%
64 Czech Republic Sparta Praha
25%
66 France Stade Rennais
25%
96 France Strasbourg
25%
79 Austria Sturm Graz
25%
90 Germany Union Berlin
25%
28 England West Ham United
25%
75 Switzerland Young Boys
25%
89 Slovenia Celje
0%
98 Switzerland FC Lugano
0%
52 Denmark Midtjylland
0%
85 England Nottingham Forest
0%
44 Germany SC Freiburg
0%
54 Belgium Union Saint-Gilloise
0%
No matching quizzes found
Score Distribution
Percent of People with Each Score
Percentile by Number Answered
Your Score History
You have not taken this quiz since the last reset